|
|
|
|
| LEADER |
00000nam a2200000 i 4500 |
| 001 |
1/12387 |
| 008 |
000919s1993 ger d |
| 020 |
|
|
|a 3-7799-1012-8
|
| 035 |
|
|
|l 10064188
|
| 040 |
|
|
|a GR-MY-UA
|b gre
|e aacr
|
| 041 |
0 |
|
|a ger
|
| 082 |
0 |
|
|a 363.3071
|
| 100 |
1 |
|
|a Kleber, Eduard W.
|
| 245 |
1 |
0 |
|a Grundzuege oekologischer Paedagogik :
|b Eine Einfuhrung in oekologisch-paedagogisches Denken /
|c Eduard W. Kleber
|
| 260 |
|
|
|a Weinheim :
|a Munchen :
|b Juventa,
|c 1993
|
| 300 |
|
|
|a 219 p.;
|c 23 cm
|
| 650 |
0 |
0 |
|a Environmental education.
|
| 852 |
|
|
|a INST
|b RHODES
|e 20000919
|h 363.071 KLE
|p 005400014545
|q 005400014545
|t BK
|y 0
|
| 901 |
|
|
|a BIBL4-2000-3
|
| 909 |
|
|
|a Ρ
|b 065850
|
| 922 |
|
|
|a 4ΕΛΗ
|b 199903
|c ΚΠΣ/154
|d LEADER BOOKS
|
| 970 |
|
|
|z 2000/09/ΑΔΑΜ
|